Poemas y Sonetos

Αποθηκεύτηκε σε:
Λεπτομέρειες βιβλιογραφικής εγγραφής
Κύριος συγγραφέας: Góngora, Luis de
Μορφή: Βιβλίο
Γλώσσα:Undetermined
Έκδοση: Buenos Aires, Argentina Losada 1940
Θέματα:
Ετικέτες: Προσθήκη ετικέτας
Δεν υπάρχουν, Καταχωρήστε ετικέτα πρώτοι!

MARC

LEADER 00000nam a2200000Ia 4500
008 170316s9999 xx 000 0 und d
040 |a cru BVZT 
090 |a 862 G-31p 
100 |a Góngora, Luis de 
245 |a Poemas y Sonetos 
260 |a Buenos Aires, Argentina  |b Losada  |c 1940 
300 |a 271 páginas 
650 |a LITERATURA ESPAÑOLA 
999 |c 9917  |d 9917 
942 |c 15 D  |h 862 G-31p  |2 z